Statistics for Largest Cities in the World With at Least Two S's

Click here to take the quiz!

General Stats

  • This quiz has been taken 48 times
  • The average score is 9 of 20

Answer Stats

#PopulationContinentAnswer% Correct
216.700,000South AmericaBuenos Aires
97%
117,700,000North AmericaLos Angeles
91%
47,950,000North AmericaSan Francisco
88%
315,000,000AfricaKinshasa
74%
56,400,000EuropeSaint Petersburg
74%
92,425,000North AmericaSan Jose
59%
122,100,000North AmericaKansas City
53%
112,350,000North AmericaSt. Louis
50%
82,750,000EuropeBrussels
47%
131,930,000North AmericaSan Salvador
41%
102,375,000North AmericaLas Vegas
38%
66,000,000AfricaDar es Salaam
32%
151,790,000South AmericaSantos
24%
181,470,000South AmericaSão Luís
24%
73,800,000AsiaDamascus
21%
191,360,000North AmericaSan Luis Potosí
12%
201,290,000North AmericaSan Pedro Sula
12%
171,690,000AsiaĀsansol
9%
161,770,000AsiaMakassar
9%
141,840,000AsiaNovosibirsk
9%

Score Distribution

Percentile by Number Answered

Percent of People with Each Score

Your Score History

You have not taken this quiz